000 00655nam a2200241Ia 4500
003 OSt
005 20220918194658.0
006 a|||||r|||| 00| 0
007 ta
008 220917b |||||||| |||| 00| 0 eng d
024 _a80,922
037 _cTextual
040 _aARTS
_cARTS
_beng
041 _2eng
_aeng
082 _aS:7, L71
100 _aMonat Alan ed
_986309
245 0 _aStress and coping
_b an anthology
260 _aN.Y
_bColumbia Univ Press
_c1971
650 _aPSYCHOLOGY
700 _a Lazarus Richard S ed
_986310
942 _hS:7, L71
_cTEXL
_2CC
999 _c204644
_d204644